Powiat do województwa - nagła śmierć - Statystyki

Ogólne statystyki
  • Ten quiz został rozwiązany 19 razy
  • Średni wynik to 9 z 20
Answers on the Grid
Answers color-coded by a green-red scale on the quiz's grid according to % correct below.
wejherowski - pomorskie
legionowski - mazowieckie
oświęcimski - małopolskie
świebodziński - lubuskie
gnieźnieński - wielkopolskie
mielecki - podkarpackie
sandomierski - świętokrzyskie
parczewski - lubelskie
siemiatycki - podlaskie
tczewski - pomorskie
głogowski - dolnośląskie
zgierski - łódzkie
płoński - mazowieckie
białogardzki - zachodniopomorskie
giżycki - warmińsko-mazurskie
chełmiński - kujawsko-pomorskie
nyski - opolskie
zawierciański - śląskie
szamotulski - wielkopolskie
strzyżowski - podkarpackie
pucki - zachodniopomorskie
krotoszyński - łódzkie
biłgorajski - podlaskie
mławski - kujawsko-pomorskie
wrocławski - śląskie
żarski - śląskie
wysokomazowiecki - mazowieckie
kołobrzeski - pomorskie
żniński - wielkopolskie
jasielski - małopolskie
 
Statystyki odpowiedzi
Odpowiedź % Poprawnych
gnieźnieński - wielkopolskie
62%
oświęcimski - małopolskie
62%
siemiatycki - podlaskie
54%
zgierski - łódzkie
54%
białogardzki - zachodniopomorskie
46%
głogowski - dolnośląskie
46%
mielecki - podkarpackie
46%
nyski - opolskie
46%
sandomierski - świętokrzyskie
46%
świebodziński - lubuskie
46%
szamotulski - wielkopolskie
46%
zawierciański - śląskie
46%
chełmiński - kujawsko-pomorskie
38%
giżycki - warmińsko-mazurskie
38%
legionowski - mazowieckie
38%
parczewski - lubelskie
38%
tczewski - pomorskie
38%
wejherowski - pomorskie
38%
płoński - mazowieckie
31%
strzyżowski - podkarpackie
31%
Nie znaleziono quizów pasujących do podanych kryteriów
Rozkład punktacji
Procent ludzi z każdym wynikiem
Percentyl według liczby udzielonych odpowiedzi
Twoja historia wyników
Nie rozwiązałeś tego quizu